Short history of industry and trade of the Philippines from pre-Spanish times to the end of the Roxas administration

में बचाया:
ग्रंथसूची विवरण
स्वरूप: पुस्तक
भाषा:Undetermined
प्रकाशित: Manila American Chamber of Commerce of the Philippines 1953
विषय:
टैग : टैग जोड़ें
कोई टैग नहीं, इस रिकॉर्ड को टैग करने वाले पहले व्यक्ति बनें!
Thư viện lưu trữ: Trung tâm Học liệu Trường Đại học Cần Thơ
LEADER 00600nam a2200169Ia 4500
001 CTU_109120
008 210402s9999 xx 000 0 und d
082 |a 959.9 
082 |b S559 
245 0 |a Short history of industry and trade of the Philippines from pre-Spanish times to the end of the Roxas administration 
260 |a Manila 
260 |b American Chamber of Commerce of the Philippines 
260 |c 1953 
650 |a philippines,Philippines,Industries 
650 |x economic conditions,Commerce,Philippines 
904 |i M.Loan 
980 |a Trung tâm Học liệu Trường Đại học Cần Thơ